Industry ministry allocates credit to SMEs 50,000 million Bht: Rubber industry urged to join scheme in 2000 (Record no. 61167)

MARC details
000 -LEADER
fixed length control field 00391nam a2200121Ia 4500
100 ## - MAIN ENTRY--AUTHOR NAME
Personal name Kachintorn Suriya
245 #0 - TITLE STATEMENT
Title Industry ministry allocates credit to SMEs 50,000 million Bht: Rubber industry urged to join scheme in 2000
260 ## - PUBLICATION, DISTRIBUTION, ETC. (IMPRINT)
Name of publisher Rubber International Magazine
Year of publication 2000
300 ## - PHYSICAL DESCRIPTION
Number of Pages 39-46
650 ## - SUBJECT ADDED ENTRY--TOPICAL TERM
Topical Term Rubber industry
942 ## - ADDED ENTRY ELEMENTS (KOHA)
Koha item type Journals
Holdings
Withdrawn status Lost status Damaged status Not for loan Home library Current library Shelving location Date acquired Serial Enumeration / chronology Koha item type
      Journals RRII Library RRII Library Agricultural economics 17/12/2021 Volume 2, Issue 16 Journals